000 00683nam a22002297a 4500
003 UA-OsUOA
001 42221
007 ta
008 20061031b un ||||| |||| 00| 0 ukr d
100 _aСамолюк В.
090 _a340.1
_bС17
942 _cBK
040 _aUA-OsUOA
_bukr
_cUA-OsUOA
_dUA-OsUOA
245 _aПравознавство
_bНавчально-методичний посібник
300 _a111 с.
955 _a2
041 _aukr
080 _a340.1
260 _aОстрог
_c2004
650 7 _a340 Право в цілому. Пропедевтика. Методи та допоміжні правничі науки
_2UDC
999 _c328351
_d328351